Normal view
MARC view
- Murray. O
Entry Personal Name
001 - CONTROL NUMBER
- control field: 136612
003 - CONTROL NUMBER IDENTIFIER
- control field: OSt
005 - DATE AND TIME OF LATEST TRANSACTION
- control field: 20230313122613.0
008 - FIXED-LENGTH DATA ELEMENTS
- fixed length control field: 230313|| aca||aabn | a|a d
040 ## - CATALOGING SOURCE
- Original cataloging agency: OSt
- Transcribing agency: OSt
100 ## - HEADING--PERSONAL NAME
- Personal name: Murray. O
670 ## - SOURCE DATA FOUND
- Source citation: Work cat.: (OSt)107962: Murray. O., Dmiralty Handbook Of Wireless Telegraphy 1931